000 00644nam a2200205 i 4500
001 62973
003 ES-MaACL
005 20230906164748.0
007 t|
008 031127s1955 sp f |||| | spa d
100 1 _aFernández Cuevas, Valentín.
_949618
245 1 0 _aOrientación profesional /
_cpor Valentín Fernández Cuevas.
260 _aMadrid :
_bPublicaciones Españolas,
_c1955.
300 _a28 p., [4] p. de lám. ;
_c24 cm.
490 1 _aTemas españoles ;
_v105
650 4 _aOrientación profesional-
_zEspaña.
_9141619
830 0 _aTemas españoles ;
_v105
_9178712
852 _aES-MaACL
_j2001-F-7
999 _c62973
_d62973